000 00271nam a2200097Ia 4500
001 785526
005 20250826170302.0
008 250824s9999 xx 000 0 und d
245 0 _aBULUŞLAR VE SERÜVENLERİ-TRENLER
_cNEFİSE ATÇAKARLAR
260 _bGENÇ TİMAŞ YAYINLARI
999 _c785526
_d785526